Pokémon par couleur : violet - Statistiques

Statistiques générales
  • Ce quiz a été pris 91 fois
  • Le résultat moyen est 15 sur 20
Statistiques - réponses
Par images Réponse % Correct
Arbok
100%
Ectoplasma
100%
Fantominus
100%
Mentali
100%
Métamorph
100%
Mewtwo
100%
Palkia
100%
Smogo
100%
Smogogo
100%
Staross
100%
Tadmorv
93%
Baudrive
92%
Nidoking
92%
Ptéra
92%
Capumain
91%
Hoopa
91%
Tokopisco
91%
Nidorino
90%
Rattata
90%
Sancoki
90%
Spectrum
90%
Abo
89%
Magirêve
89%
Bruyverne
88%
Grodrive
88%
Lunala
88%
Ossatueur d'Alola
88%
Spiritomb
88%
Scorvol
87%
Chacripan
86%
Mesmérella
86%
Scorplane
86%
Mimitoss
85%
Nidoran
85%
Nostenfer
85%
Artikodin de Galar
83%
Ténéfix
83%
Delcatty
80%
Grotadmorv
80%
Moufflair
80%
Nosferalto
80%
Scrutella
80%
Tritosor
80%
Muplodocus
78%
Nosferapti
78%
Avaltout
77%
Aéromite
75%
Drascore
75%
Granbull
75%
Léopardus
75%
Muplodocus de Hisui
73%
Prismillon
73%
Sonistrelle
73%
Sucreine
73%
Crabagarre
71%
Mucuscule
71%
Crustabri
70%
Démanta
70%
Foretress
70%
Shaofouine
69%
Capidextre
67%
Lumivole
67%
Sidérella
67%
Blindalys
65%
Ceriflor
64%
Kokiyas
63%
Colimucus
62%
Croquine
60%
Lampignon
60%
M. Glaquette
60%
Théffroi
60%
Groret
57%
Lilia
57%
Météno
57%
Plumeline
57%
Salarsen
57%
Wattapik
57%
Moufouette
54%
Corvaillus
50%
Ethernatos
50%
Genesect
50%
Candine
46%
Colimucus de Hisui
45%
Toxizap
43%
Wimessir
43%
Debugant
38%
Rapion
38%
Spododo
38%
Vémini
36%
Morpeko
31%
Angoliath
30%
Mandrillon
25%
Polthégeist
17%
Aucun quiz correspondant
Distribution des résultats
% des personnes avec chaque résultat
Percentile par nombre de réponses
Votre historique - résultats
Vous n’avez pas pris ce quiz